| 000 | 00711nam a2200241 a 4500 | ||
|---|---|---|---|
| 001 | 46248 | ||
| 003 | BD-RjUL | ||
| 005 | 20211209054127.0 | ||
| 008 | 160801s1964 ii 001 0 eng | ||
| 035 | _a(BD-RjUL)46366 | ||
| 040 |
_aDLC _cGUB _dGUB _dOCLCG _dDLC _dBD-RjUL _beng |
||
| 041 | _aeng | ||
| 082 |
_223 _a345.40554 _bAIY 1964 |
||
| 245 | 1 | 0 |
_aAiyar & Anand's law of private defence / _cthoroughly revised by C.U. Menon. |
| 250 | _a2nd ed. | ||
| 260 |
_aAllahabad : _bLaw Book Co., _c1964. |
||
| 300 |
_axl, 558 p. ; _c25 cm. |
||
| 500 | _aIncludes Index | ||
| 650 | 0 |
_aSelf-defense (Law) _9141264 |
|
| 650 | 0 |
_aSelf-defense (Law) _zIndia. _9141265 |
|
| 700 | 1 |
_aMenon, C. U. _9141266 |
|
| 942 |
_2ddc _cBK |
||
| 999 |
_c46248 _d46248 |
||